[Event "SRB-chT Women 1st League 2019"]
[Site "Subotica"]
[Date "2019.08.25"]
[Round "4"]
[White "Gajcin, Jasmina"]
[Black "Benderac, Ana"]
[Result "1-0"]
[WhiteElo "1910"]
[BlackElo "2228"]
[Annotator "NA"]
[PlyCount "53"]
[EventDate "2019.08.23"]
[EventType "team-tourn"]
[EventCountry "SRB"]
[SourceTitle "playchess.com"]
[Source "ChessBase"]
[SourceQuality "1"]
[TimeControl "40/5400+30:1800+30"]

1. e4 {[%emt 0:00:30]} g6 {[%emt 0:00:30]} 2. d4 {[%emt 0:00:00]} Bg7 {[%emt 0:00:00]} 3. Nf3 {[%emt 0:00:00]} d6 {[%emt 0:00:00]} 4. Nc3 {[%emt 0:00:30]} a6 {[%emt 0:01:30]} 5. a4 {[%emt 0:01:30]} Bg4 {[%emt 0:03:30]} 6. Be3 {[%emt 0:04:30]} Nc6 {[%emt 0:09:30]} 7. Be2 {[%emt 0:06:30]} Nf6 {[%emt 0:11:30]} 8. O-O {[%emt 0:08:30]} O-O {[%emt 0:01:30]} 9. Qd2 {[%emt 0:18:30]} d5 {[%emt 0:09:30]} 10. exd5 {[%emt 0:11:30]} Nxd5 {[%emt 0:02:30]} 11. Nxd5 {[%emt 0:00:30]} Qxd5 {[%emt 0:00:30]} 12. Rad1 {[%emt 0:04:30]} Rad8 {[%emt 0:04:30]} 13. c4 {[%emt 0:09:30]} Qa5 {[%emt 0:18:30]} 14. d5 {[%emt 0:03:30]} Qxa4 {[%emt 0:06:30]} 15. Ra1 {[%emt 0:04:30]} Qb3 {[%emt 0:05:30]} 16. Ra3 {[%emt 0:01:30]} Qb4 {[%emt 0:00:30]} 17. Qxb4 {[%emt 0:04:38]} Nxb4 {[%emt 0:00:00]} 18. Bc5 {[%emt 0:00:20]} Nc2 {[%emt 0:00:00]} 19. Rb3 {[%emt 0:00:13]} Rb8 {[%emt 0:04:51]} 20. Rc1 {[%emt 0:04:40]} Bxf3 {[%emt 0:02:13]} 21. Rxc2 {[%emt 0:00:59]} Be4 {[%emt 0:00:52]} 22. Rc1 {[%emt 0:01:02]} Rfe8 {[%emt 0:00:57]} 23. Ba7 {[%emt 0:03:06]} Ra8 {[%emt 0:00:41]} 24. Rxb7 {[%emt 0:00:59]} Bxb2 {[%emt 0:00:19]} 25. Rd1 {[%emt 0:01:21]} a5 {[%emt 0:02:38]} 26. Bd4 {[%emt 0:02:21]} Reb8 {[%emt 0:02:57]} 27. Rxb2 1-0

[Event "SRB-chT Women 1st League 2019"]
[Site "Subotica"]
[Date "2019.08.26"]
[Round "5"]
[White "Atalik, Ekaterina"]
[Black "Batsiashvili, Nino"]
[Result "1-0"]
[WhiteElo "2456"]
[BlackElo "2416"]
[Annotator "TA"]
[PlyCount "69"]
[EventDate "2019.08.23"]
[EventType "team-tourn"]
[EventCountry "SRB"]
[SourceTitle "playchess.com"]
[Source "ChessBase"]
[SourceQuality "1"]

{[%evp 10,69,9,14,33,-45,-69,-62,-39,-103,-109,-111,-93,-102,-45,-159,-164,-159,-160,-335,-39,-261,-274,-258,-153,-194,-158,-145,-65,-79,-14,0,39,30,43,38,39,28,21,13,81,51,109,119,110,109,110,114,109,111,146,132,142,94,156,117,125,125,145,126,183,172]} 1. Nf3 d5 2. e3 c5 3. c4 d4 4. b4 dxe3 5. fxe3 cxb4 6. d4 Bg4 {A09: Réti Opening: 1 Nf3 d5 2 c4} (6... Nf6 7. Bd3 g6 8. a3 bxa3 9. O-O Bg7 10. Nc3 O-O 11. Bxa3 b6 12. Kh1 Nc6 13. Rc1 Bg4 14. h3 Bxf3 15. Qxf3 {1-0 (45) Wei,Y (2735)-Inarkiev,E (2690) Magas 2018}) 7. Qb3 $146 (7. h3 $14 Bf5 8. Nbd2) ({Predecessor:} 7. h3 Bxf3 8. Qxf3 Qc7 9. a3 e5 10. c5 exd4 11. axb4 Nc6 12. Bb5 O-O-O 13. Bxc6 Qxc6 14. Qxc6+ bxc6 15. Rxa7 dxe3 16. Bxe3 {1-0 (29) Ragger,M (2615)-Varga,Z (2435) Austria 2011}) 7... Bxf3 $15 8. gxf3 e5 {Black is slightly better.} 9. dxe5 (9. Bb2 $1 $15) 9... Qh4+ $17 10. Ke2 Nc6 11. Bb2 a5 (11... Bc5 $17 12. Nd2 f5) 12. a4 (12. Nc3 $15) 12... Qh5 13. c5 Nge7 14. e6 $2 {[#]} (14. Nd2 $17 Nf5 15. Rd1) 14... fxe6 $2 (14... O-O-O $19 15. exf7 Nf5) 15. Nd2 $2 ({White has to play} 15. Qxe6 $15 Qxc5 16. Nd2) 15... Nd5 $19 16. Ne4 O-O-O (16... Be7 $19 17. Rg1 Ne5) 17. h4 $17 Kb8 18. Bh3 Nc7 (18... Be7 $17 {Hoping for ...Qf7.} 19. Bg4 Qf7) 19. Rag1 h6 (19... Be7 $17 {Black wants to play ...Rhf8.} 20. Rxg7 Rhf8) 20. Bxe6 $11 Nxe6 21. Qxe6 Bxc5 {[#] Threatens to win with ...Rhe8.} 22. Rxg7 {And now Rc1 would win.} Rhe8 $1 {[%cal Re8e6]} 23. Qf7 Qxf7 24. Rxf7 Be7 (24... Bd6 $11) 25. h5 Bf8 (25... Rg8 $14) 26. Rg1 $16 Re7 27. Rf5 Red7 28. Rg8 Be7 29. Rxd8+ Bxd8 30. Nc5 Rd6 31. Rf8 b6 (31... Ka7 $142) 32. Nd3 Rd5 33. Nf4 Rd6 34. e4 Kb7 (34... Nd4+ $16 {is a better defense.} 35. Kf1 Rd7) 35. Rf7+ {Accuracy: White = 53%, Black = 44%.} 1-0

[Event "SRB-chT Women 1st League 2019"]
[Site "Subotica"]
[Date "2019.08.26"]
[Round "5"]
[White "Gaponenko, Inna"]
[Black "Prudnikova, Svetlana"]
[Result "1-0"]
[WhiteElo "2446"]
[BlackElo "2234"]
[Annotator "NA"]
[PlyCount "69"]
[EventDate "2019.08.23"]
[EventType "team-tourn"]
[EventCountry "SRB"]
[SourceTitle "playchess.com"]
[Source "ChessBase"]
[SourceQuality "1"]
[TimeControl "40/5400+30:1800+30"]

1. e4 {[%emt 0:00:30]} e5 {[%emt 0:00:30]} 2. Nf3 {[%emt 0:00:00]} Nc6 {[%emt 0:00:00]} 3. Bb5 {[%emt 0:00:00]} a6 {[%emt 0:00:00]} 4. Ba4 {[%emt 0:01:30]} Nf6 {[%emt 0:00:30]} 5. O-O {[%emt 0:00:30]} Be7 {[%emt 0:00:30]} 6. Re1 {[%emt 0:00:30]} d6 {[%emt 0:00:00]} 7. c3 {[%emt 0:00:30]} Bg4 {[%emt 0:01:00]} 8. d3 {[%emt 0:00:30]} Nd7 {[%emt 0:03:30]} 9. Nbd2 {[%emt 0:02:30]} Nc5 {[%emt 0:06:30]} 10. h3 {[%emt 0:00:30]} Bh5 {[%emt 0:16:30]} 11. Bxc6+ {[%emt 0:00:30]} bxc6 {[%emt 0:00:00]} 12. d4 {[%emt 0:00:30]} Nd3 {[%emt 0:03:00]} 13. Re3 {[%emt 0:00:30]} Nxc1 {[%emt 0:00:30]} 14. Qa4 {[%emt 0:00:30]} O-O {[%emt 0:12:30]} 15. Rxc1 {[%emt 0:02:30]} exd4 {[%emt 0:00:00]} 16. cxd4 {[%emt 0:07:30]} c5 {[%emt 0:00:00]} 17. dxc5 {[%emt 0:03:30]} dxc5 {[%emt 0:01:30]} 18. Nc4 {[%emt 0:15:30]} Bg5 {[%emt 0:24:30]} 19. Nxg5 {[%emt 0:06:30]} Qxg5 {[%emt 0:00:30]} 20. Qc6 {[%emt 0:10:30]} Bf3 {[%emt 0:09:21]} 21. g3 {[%emt 0:03:30]} f5 {[%emt 0:10:59]} 22. Qd5+ {[%emt 0:18:30]} Kh8 {[%emt 0:00:01]} 23. Ne5 {[%emt 0:00:00]} Bh5 {[%emt 0:00:56]} 24. Qxc5 {[%emt 0:00:00]} h6 {[%emt 0:05:12]} 25. f4 {[%emt 0:08:46]} Qd8 {[%emt 0:00:02]} 26. exf5 {[%emt 0:00:07]} Rxf5 {[%emt 0:00:24]} 27. g4 {[%emt 0:00:18]} Rxf4 {[%emt 0:00:31]} 28. gxh5 {[%emt 0:00:07]} Qg5+ {[%emt 0:00:25]} 29. Kh1 {[%emt 0:01:33]} Qxh5 {[%emt 0:01:07]} 30. Rg1 {[%emt 0:01:19]} g5 {[%emt 0:01:04]} 31. Qc6 {[%emt 0:01:29]} Rg8 {[%emt 0:00:10]} 32. Ng4 {[%emt 0:00:42]} Rgf8 {[%emt 0:01:51]} 33. Qxh6+ {[%emt 0:01:41]} Qxh6 {[%emt 0:00:06]} 34. Nxh6 {[%emt 0:00:06]} Rf2 {[%emt 0:01:18]} 35. Rg2 {[%emt 0:00:34]} 1-0

[Event "SRB-chT Women 1st League 2019"]
[Site "Subotica"]
[Date "2019.08.26"]
[Round "5"]
[White "Stojanovic, Andjelija"]
[Black "Urosevic, Marija"]
[Result "1-0"]
[WhiteElo "2350"]
[BlackElo "2064"]
[Annotator "NA"]
[PlyCount "62"]
[EventDate "2019.08.23"]
[EventType "team-tourn"]
[EventCountry "SRB"]
[SourceTitle "playchess.com"]
[Source "ChessBase"]
[SourceQuality "1"]
[TimeControl "40/5400+30:1800+30"]

1. e4 {[%emt 0:00:30]} c5 {[%emt 0:00:30]} 2. c3 {[%emt 0:01:30]} Nf6 {[%emt 0:01:30]} 3. e5 {[%emt 0:00:30]} Nd5 {[%emt 0:00:30]} 4. Nf3 {[%emt 0:00:30]} e6 {[%emt 0:00:00]} 5. g3 {[%emt 0:00:30]} Nc6 {[%emt 0:12:00]} 6. Bg2 {[%emt 0:00:30]} d6 {[%emt 0:08:30]} 7. exd6 {[%emt 0:00:30]} Bxd6 {[%emt 0:00:30]} 8. O-O {[%emt 0:00:30]} O-O {[%emt 0:00:30]} 9. d4 {[%emt 0:00:00]} cxd4 {[%emt 0:04:30]} 10. Nxd4 {[%emt 0:00:00]} Nde7 {[%emt 0:17:30]} 11. Nxc6 {[%emt 0:15:30]} Nxc6 {[%emt 0:03:30]} 12. Nd2 {[%emt 0:01:30]} e5 {[%emt 0:04:30]} 13. Ne4 {[%emt 0:30:30]} Be7 {[%emt 0:02:30]} 14. Qh5 {[%emt 0:06:30]} f6 {[%emt 0:08:30]} 15. Rd1 {[%emt 0:03:30]} Qc7 {[%emt 0:00:00]} 16. Be3 {[%emt 0:04:30]} Nd8 {[%emt 0:10:00]} 17. Rd2 {[%emt 0:10:30]} Nf7 {[%emt 0:00:30]} 18. h4 {[%emt 0:09:49]} Be6 {[%emt 0:05:39]} 19. Qf3 {[%emt 0:01:12]} h6 {[%emt 0:04:32]} 20. g4 {[%emt 0:03:37]} Qc8 {[%emt 0:00:19]} 21. Ng3 {[%emt 0:00:27]} Nd6 {[%emt 0:02:47]} 22. Nf5 {[%emt 0:00:28]} Bxf5 {[%emt 0:01:27]} 23. gxf5 {[%emt 0:01:20]} e4 {[%emt 0:04:10]} 24. Qf4 {[%emt 0:01:15]} Nc4 {[%emt 0:00:30]} 25. Qxe4 {[%emt 0:02:16]} Nxe3 {[%emt 0:02:21]} 26. Qxe7 {[%emt 0:02:53]} Nxf5 {[%emt 0:00:16]} 27. Qxb7 {[%emt 0:00:35]} Qxb7 {[%emt 0:01:44]} 28. Bxb7 {[%emt 0:00:03]} Rab8 {[%emt 0:01:36]} 29. Bd5+ {[%emt 0:00:49]} Kh8 {[%emt 0:00:35]} 30. h5 {[%emt 0:00:41]} Ne7 {[%emt 0:00:28]} 31. Bf3 {[%emt 0:02:11]} Rb5 {[%emt 0:00:26]} 1-0

[Event "SRB-chT Women 1st League 2019"]
[Site "Subotica"]
[Date "2019.08.26"]
[Round "5"]
[White "Doluhanova, Evgeniya"]
[Black "Bojkovic, Natasa"]
[Result "1/2-1/2"]
[WhiteElo "2305"]
[BlackElo "2374"]
[Annotator "NA RC"]
[PlyCount "71"]
[EventDate "2019.08.23"]
[EventType "team-tourn"]
[EventCountry "SRB"]
[SourceTitle "playchess.com"]
[Source "ChessBase"]
[SourceQuality "1"]
[TimeControl "40/5400+30:1800+30"]

1. Nf3 {[%emt 0:02:30]} Nf6 {[%emt 0:00:30]} 2. d4 {[%emt 0:01:30]} e6 {[%emt 0:01:30]} 3. Bf4 {[%emt 0:01:30]} c5 {[%emt 0:08:30]} 4. e3 {[%emt 0:03:30]} b6 {[%emt 0:00:30]} 5. Bd3 {[%emt 0:00:30]} Bb7 {[%emt 0:00:30]} 6. O-O {[%emt 0:00:30]} Be7 {[%emt 0:00:30]} 7. c3 {[%emt 0:02:30]} O-O {[%emt 0:00:30]} 8. a4 {[%emt 0:03:30]} Nh5 {[%emt 0:06:30]} 9. a5 {[%emt 0:11:30]} Nxf4 {[%emt 0:02:30]} 10. exf4 {[%emt 0:00:30]} cxd4 {[%emt 0:04:30]} 11. Nxd4 {[%emt 0:10:30]} bxa5 {[%emt 0:02:30]} 12. Nd2 {[%emt 0:03:30]} Nc6 {[%emt 0:01:30]} 13. Nxc6 {[%emt 0:01:30]} Bxc6 {[%emt 0:00:00]} 14. Nc4 {[%emt 0:04:30]} Qc7 {[%emt 0:25:00]} 15. Nxa5 {[%emt 0:09:30]} Qxf4 {[%emt 0:01:30]} 16. Nxc6 {[%emt 0:00:30]} dxc6 {[%emt 0:00:30]} 17. Ra4 {[%emt 0:00:30]} Qc7 {[%emt 0:00:30]} 18. Qf3 {[%emt 0:00:30]} a5 {[%emt 0:00:30]} 19. Rfa1 {[%emt 0:02:30]} Rab8 {[%emt 0:10:30]} 20. Qe2 {[%emt 0:00:30]} Qb6 {[%emt 0:08:30]} 21. R1a2 {[%emt 0:01:30]} Rfd8 {[%emt 0:04:59]} 22. Rxa5 {[%emt 0:03:30]} Qb3 {[%emt 0:02:48]} 23. Bc2 {[%emt 0:05:30]} Qb6 {[%emt 0:00:30]} 24. b4 {[%emt 0:00:30]} g6 {[%emt 0:01:56]} 25. g3 {[%emt 0:05:30]} Rd6 {[%emt 0:00:30]} 26. Qf3 {[%emt 0:04:30]} Kg7 {[%emt 0:04:09]} 27. Ra6 {[%emt 0:05:04]} Qc7 {[%emt 0:01:16]} 28. c4 {[%emt 0:06:07]} Qd8 {[%emt 0:04:45]} 29. Rxc6 {[%emt 0:07:02]} Rxc6 {[%emt 0:00:08]} 30. Qxc6 {[%emt 0:00:06]} Rxb4 {[%emt 0:01:10]} 31. Ra7 {[%emt 0:00:34]} Rb6 {[%emt 0:02:37]} 32. Qe4 {[%emt 0:02:34]} Kg8 {[%emt 0:02:23]} 33. Kg2 {[%emt 0:00:33]} Rb8 {[%emt 0:00:33]} 34. Ba4 {[%emt 0:00:38]} Bc5 {[%emt 0:00:24]} 35. Rd7 {[%emt 0:00:35]} Qf6 {[%emt 0:00:06]} 36. Rd2 {[%emt 0:00:24]} 1/2-1/2

[Event "SRB-chT Women 1st League 2019"]
[Site "Subotica"]
[Date "2019.08.26"]
[Round "5"]
[White "Gajcin, Marina"]
[Black "Zimina, Olga"]
[Result "0-1"]
[WhiteElo "2267"]
[BlackElo "2376"]
[Annotator "TA"]
[PlyCount "71"]
[EventDate "2019.08.23"]
[EventType "team-tourn"]
[EventCountry "SRB"]
[SourceTitle "playchess.com"]
[Source "ChessBase"]
[SourceQuality "1"]

{[%evp 9,71,42,41,34,35,24,27,37,31,24,42,39,25,12,15,7,32,-57,-59,-54,-54,-61,-48,-61,-57,-57,-62,-59,-58,-70,-81,-85,-77,-75,-76,-79,-78,-98,-112,-105,-104,-99,-60,-79,-71,-71,-60,-113,-59,-112,-115,-151,-145,-152,-136,-179,-166,-269,-266,-269,-264,-352,-360,-405]} 1. e4 c6 2. Nf3 d5 3. Nc3 Nf6 4. e5 Ne4 5. Ne2 Qb6 {[%csl Ge4][%cal Rb6f2] [#]} 6. d4 $1 {B11: Caro-Kann: Two Knights Variation} e6 7. Nfg1 {Threatening f3.} f6 $1 8. f3 {White has an edge.} Ng5 9. exf6 gxf6 10. f4 Ne4 11. Ng3 Bd7 12. Bd3 (12. c3 {looks sharper.} Nxg3 13. hxg3 c5 14. Qh5+ Kd8 15. Qf7) 12... Qxd4 $146 {[%csl Ge4][%cal Rd4f2]} (12... Nxg3 {with more complications.} 13. hxg3 Qxd4 14. Qh5+ Kd8 15. Nf3 Qb4+) ({Predecessor:} 12... f5 13. Bxe4 dxe4 {½-½ (44) Almasi,Z (2702)-Svane,R (2552) Germany 2017}) 13. Bxe4 (13. Qh5+ $1 $14 Kd8 14. Bxe4) 13... Qxd1+ $15 14. Kxd1 {Strongly threatening Bf3.} dxe4 15. Nxe4 Be7 16. Nf3 c5 17. Be3 Na6 18. c3 Bc6 19. Ng3 h5 20. Ke2 h4 21. Nf1 Nc7 22. Rd1 Kf7 23. c4 Rag8 24. Rg1 Ne8 25. N1d2 Ng7 26. g4 $1 hxg3 $1 27. hxg3 Nf5 28. Bf2 (28. g4 $15 Nxe3 29. Kxe3) 28... Nh6 (28... Rg4 $17 {aiming for ...Rh3.} 29. Nf1 Rh3) 29. Nh4 ({White should play} 29. Rh1 $15) 29... Ng4 $17 30. Ndf3 b5 31. Rc1 Rd8 32. Rgd1 bxc4 33. Bg1 (33. Rxd8 $142 Rxd8 34. Be1) 33... Rb8 $19 34. Rd2 Rhd8 35. Rcd1 {[#]} Rd3 $1 {[%mdl 512]} 36. b3 {Accuracy: White = 48%, Black = 79%.} (36. Rxd3 cxd3+) 0-1

[Event "SRB-chT Women 1st League 2019"]
[Site "Subotica"]
[Date "2019.08.26"]
[Round "5"]
[White "Drljevic, Ljilja"]
[Black "Chelushkina, Irina"]
[Result "1-0"]
[WhiteElo "2162"]
[BlackElo "2275"]
[Annotator "NA"]
[PlyCount "59"]
[EventDate "2019.08.23"]
[EventType "team-tourn"]
[EventCountry "SRB"]
[SourceTitle "playchess.com"]
[Source "ChessBase"]
[SourceQuality "1"]
[TimeControl "40/5400+30:1800+30"]

1. e4 {[%emt 0:00:30]} c6 {[%emt 0:00:30]} 2. d3 {[%emt 0:00:00]} e5 {[%emt 0:00:30]} 3. Nf3 {[%emt 0:04:00]} Nf6 {[%emt 0:03:30]} 4. g3 {[%emt 0:00:30]} d6 {[%emt 0:02:30]} 5. Bg2 {[%emt 0:01:30]} Be7 {[%emt 0:00:30]} 6. O-O {[%emt 0:01:30]} O-O {[%emt 0:00:30]} 7. a4 {[%emt 0:06:30]} Na6 {[%emt 0:01:30]} 8. Re1 {[%emt 0:02:30]} Nc7 {[%emt 0:03:30]} 9. Nbd2 {[%emt 0:06:30]} Be6 {[%emt 0:05:30]} 10. Nf1 {[%emt 0:16:30]} Nd7 {[%emt 0:03:30]} 11. h4 {[%emt 0:06:30]} h6 {[%emt 0:16:30]} 12. Ne3 {[%emt 0:01:30]} d5 {[%emt 0:00:30]} 13. Nf5 {[%emt 0:05:30]} Bf6 {[%emt 0:04:30]} 14. Nh2 {[%emt 0:02:30]} Bxf5 {[%emt 0:23:30]} 15. exf5 {[%emt 0:00:30]} Be7 {[%emt 0:00:30]} 16. Ng4 {[%emt 0:15:30]} Bd6 {[%emt 0:01:30]} 17. Nxh6+ {[%emt 0:22:58]} gxh6 {[%emt 0:01:30]} 18. Bxh6 {[%emt 0:00:03]} Nf6 {[%emt 0:08:31]} 19. g4 {[%emt 0:02:18]} Re8 {[%emt 0:10:36]} 20. g5 {[%emt 0:00:06]} Nh7 {[%emt 0:00:04]} 21. Qh5 {[%emt 0:01:14]} Bf8 {[%emt 0:04:49]} 22. Bxf8 {[%emt 0:01:33]} Nxf8 {[%emt 0:00:10]} 23. f6 {[%emt 0:00:32]} Qd6 {[%emt 0:02:57]} 24. Bh3 {[%emt 0:00:22]} e4 {[%emt 0:01:13]} 25. dxe4 {[%emt 0:00:48]} Rxe4 {[%emt 0:00:02]} 26. Qh6 {[%emt 0:00:33]} Nce6 {[%emt 0:00:20]} 27. Bf5 {[%emt 0:00:20]} Re5 {[%emt 0:00:41]} 28. Bd3 {[%emt 0:00:24]} d4 {[%emt 0:01:07]} 29. g6 {[%emt 0:00:43]} fxg6 {[%emt 0:00:54]} 30. Bxg6 {[%emt 0:00:32]} 1-0

[Event "SRB-chT Women 1st League 2019"]
[Site "Subotica"]
[Date "2019.08.26"]
[Round "5"]
[White "Zarkovic, Mila"]
[Black "Velikic, Adela"]
[Result "0-1"]
[WhiteElo "2141"]
[BlackElo "2252"]
[Annotator "NA"]
[PlyCount "59"]
[EventDate "2019.08.23"]
[EventType "team-tourn"]
[EventCountry "SRB"]
[SourceTitle "playchess.com"]
[Source "ChessBase"]
[SourceQuality "1"]
[TimeControl "40/5400+30:1800+30"]

1. e4 {[%emt 0:00:30]} c5 {[%emt 0:00:30]} 2. Nf3 {[%emt 0:00:00]} Nc6 {[%emt 0:00:00]} 3. d4 {[%emt 0:08:00]} cxd4 {[%emt 0:00:00]} 4. Nxd4 {[%emt 0:00:30]} Nf6 {[%emt 0:00:30]} 5. Nc3 {[%emt 0:00:30]} d6 {[%emt 0:00:00]} 6. Nb3 {[%emt 0:04:30]} g6 {[%emt 0:15:00]} 7. Bg5 {[%emt 0:00:30]} Bg7 {[%emt 0:01:30]} 8. Qd2 {[%emt 0:00:30]} O-O {[%emt 0:02:30]} 9. O-O-O {[%emt 0:00:30]} a5 {[%emt 0:12:30]} 10. a4 {[%emt 0:00:30]} Be6 {[%emt 0:08:30]} 11. h4 {[%emt 0:04:30]} Rc8 {[%emt 0:04:30]} 12. f3 {[%emt 0:20:30]} Nd7 {[%emt 0:16:30]} 13. Kb1 {[%emt 0:10:30]} Bxb3 {[%emt 0:18:47]} 14. cxb3 {[%emt 0:00:30]} Nc5 {[%emt 0:01:01]} 15. Ka2 {[%emt 0:19:30]} Nb4+ {[%emt 0:02:20]} 16. Ka3 {[%emt 0:00:00]} Ne6 {[%emt 0:01:27]} 17. Be3 {[%emt 0:04:00]} Bd4 {[%emt 0:04:00]} 18. Bd3 {[%emt 0:13:20]} Qb6 {[%emt 0:01:10]} 19. Bxd4 {[%emt 0:00:26]} Nxd4 {[%emt 0:00:27]} 20. Nb5 {[%emt 0:05:18]} Nxb5+ {[%emt 0:04:16]} 21. Bxb5 {[%emt 0:00:05]} Rc2 {[%emt 0:00:55]} 22. Qd4 {[%emt 0:00:25]} Qxd4 {[%emt 0:01:48]} 23. Rxd4 {[%emt 0:00:02]} Rfc8 {[%emt 0:00:25]} 24. Rg1 {[%emt 0:02:43]} Rf2 {[%emt 0:01:09]} 25. Rc4 {[%emt 0:00:42]} Rxc4 {[%emt 0:00:16]} 26. bxc4 {[%emt 0:01:07]} Kf8 {[%emt 0:00:54]} 27. c5 {[%emt 0:01:28]} dxc5 {[%emt 0:00:14]} 28. Kb3 {[%emt 0:01:32]} Nc2 {[%emt 0:00:52]} 29. Kc4 {[%emt 0:00:54]} b6 {[%emt 0:00:10]} 30. Kc3 {[%emt 0:00:26]} 0-1

[Event "SRB-chT Women 1st League 2019"]
[Site "Subotica"]
[Date "2019.08.26"]
[Round "5"]
[White "Gruic, Jadranka"]
[Black "Matkovic, Simana"]
[Result "1-0"]
[WhiteElo "2117"]
[BlackElo "1933"]
[Annotator "NA"]
[PlyCount "37"]
[EventDate "2019.08.23"]
[EventType "team-tourn"]
[EventCountry "SRB"]
[SourceTitle "playchess.com"]
[Source "ChessBase"]
[SourceQuality "1"]
[TimeControl "40/5400+30:1800+30"]

1. d4 {[%emt 0:00:30]} d5 {[%emt 0:00:30]} 2. Bf4 {[%emt 0:00:30]} Nf6 {[%emt 0:00:30]} 3. e3 {[%emt 0:00:30]} c5 {[%emt 0:00:30]} 4. Nf3 {[%emt 0:00:30]} Nc6 {[%emt 0:00:30]} 5. c3 {[%emt 0:00:30]} Qb6 {[%emt 0:00:30]} 6. Qc2 {[%emt 0:00:30]} Bf5 {[%emt 0:00:30]} 7. dxc5 {[%emt 0:00:30]} Bxc2 {[%emt 0:00:30]} 8. cxb6 {[%emt 0:00:30]} axb6 {[%emt 0:00:30]} 9. Na3 {[%emt 0:00:30]} Bf5 {[%emt 0:00:30]} 10. Nb5 {[%emt 0:00:30]} Rc8 {[%emt 0:00:30]} 11. Bc7 {[%emt 0:00:30]} Nd7 {[%emt 0:00:30]} 12. Rd1 {[%emt 0:00:30]} Na7 {[%emt 0:00:30]} 13. Bg3 {[%emt 0:00:30]} Nc6 {[%emt 0:00:30]} 14. Nc7+ {[%emt 0:00:30]} Kd8 {[%emt 0:00:30]} 15. Nxd5 {[%emt 0:00:30]} Ke8 {[%emt 0:00:30]} 16. Nc7+ {[%emt 0:00:30]} Kd8 {[%emt 0:00:30]} 17. Nb5 {[%emt 0:00:30]} f6 {[%emt 0:00:30]} 18. Nfd4 {[%emt 0:00:30]} Bg6 {[%emt 0:00:30]} 19. Ne6+ {[%emt 0:00:30]} 1-0

[Event "SRB-chT Women 1st League 2019"]
[Site "Subotica"]
[Date "2019.08.26"]
[Round "5"]
[White "Grujic, Danijela"]
[Black "Kovacevic, Radmila"]
[Result "1/2-1/2"]
[WhiteElo "2033"]
[BlackElo "2117"]
[Annotator "NA"]
[PlyCount "66"]
[EventDate "2019.08.23"]
[EventType "team-tourn"]
[EventCountry "SRB"]
[SourceTitle "playchess.com"]
[Source "ChessBase"]
[SourceQuality "1"]
[TimeControl "40/5400+30:1800+30"]

1. e4 {[%emt 0:00:30]} c5 {[%emt 0:00:30]} 2. Nc3 {[%emt 0:00:30]} Nc6 {[%emt 0:00:30]} 3. g3 {[%emt 0:00:00]} g6 {[%emt 0:00:30]} 4. Bg2 {[%emt 0:01:00]} Bg7 {[%emt 0:00:30]} 5. d3 {[%emt 0:00:30]} e6 {[%emt 0:01:30]} 6. Be3 {[%emt 0:01:30]} Qa5 {[%emt 0:07:30]} 7. Qd2 {[%emt 0:03:30]} Nge7 {[%emt 0:00:30]} 8. Bh6 {[%emt 0:06:30]} Bxh6 {[%emt 0:08:30]} 9. Qxh6 {[%emt 0:00:30]} d5 {[%emt 0:00:00]} 10. exd5 {[%emt 0:02:30]} exd5 {[%emt 0:00:00]} 11. Qd2 {[%emt 0:07:30]} Nb4 {[%emt 0:05:30]} 12. Rc1 {[%emt 0:05:30]} Be6 {[%emt 0:18:30]} 13. a3 {[%emt 0:01:30]} Nbc6 {[%emt 0:00:30]} 14. Nf3 {[%emt 0:06:30]} O-O {[%emt 0:05:30]} 15. O-O {[%emt 0:01:30]} Bg4 {[%emt 0:01:30]} 16. Qf4 {[%emt 0:05:30]} Bxf3 {[%emt 0:06:30]} 17. Bxf3 {[%emt 0:00:30]} Nd4 {[%emt 0:01:30]} 18. Rfe1 {[%emt 0:13:30]} Nxf3+ {[%emt 0:21:16]} 19. Qxf3 {[%emt 0:00:30]} Rfe8 {[%emt 0:00:35]} 20. Re5 {[%emt 0:00:30]} Nc6 {[%emt 0:00:10]} 21. Rxe8+ {[%emt 0:05:30]} Rxe8 {[%emt 0:00:03]} 22. Qxd5 {[%emt 0:01:30]} Re5 {[%emt 0:01:09]} 23. Qd6 {[%emt 0:01:30]} Qb6 {[%emt 0:04:12]} 24. Rb1 {[%emt 0:08:30]} Re6 {[%emt 0:01:10]} 25. Qd5 {[%emt 0:02:30]} Re5 {[%emt 0:05:30]} 26. Qd7 {[%emt 0:06:22]} Nd4 {[%emt 0:02:03]} 27. Ne4 {[%emt 0:02:53]} Rf5 {[%emt 0:04:38]} 28. c3 {[%emt 0:05:49]} Nf3+ {[%emt 0:00:39]} 29. Kg2 {[%emt 0:00:36]} Ne5 {[%emt 0:00:25]} 30. Qc8+ {[%emt 0:02:30]} Kg7 {[%emt 0:00:10]} 31. Qxc5 {[%emt 0:00:12]} Qxc5 {[%emt 0:01:44]} 32. Nxc5 {[%emt 0:00:01]} b6 {[%emt 0:00:13]} 33. Ne4 {[%emt 0:02:13]} Nxd3 {[%emt 0:00:06]} 1/2-1/2

[Event "SRB-chT Women 1st League 2019"]
[Site "Subotica"]
[Date "2019.08.26"]
[Round "5"]
[White "Pihajlic, Amalija"]
[Black "Nomin-Erdene, Davaademberel"]
[Result "0-1"]
[WhiteElo "1889"]
[BlackElo "2367"]
[Annotator "NA"]
[PlyCount "56"]
[EventDate "2019.08.23"]
[EventType "team-tourn"]
[EventCountry "SRB"]
[SourceTitle "playchess.com"]
[Source "ChessBase"]
[SourceQuality "1"]
[TimeControl "40/5400+30:1800+30"]

1. e4 {[%emt 0:00:30]} c6 {[%emt 0:00:30]} 2. d4 {[%emt 0:00:00]} d5 {[%emt 0:00:00]} 3. f3 {[%emt 0:00:00]} g6 {[%emt 0:00:00]} 4. c3 {[%emt 0:00:30]} Bg7 {[%emt 0:00:30]} 5. Bd3 {[%emt 0:00:30]} dxe4 {[%emt 0:08:30]} 6. fxe4 {[%emt 0:00:30]} e5 {[%emt 0:00:00]} 7. dxe5 {[%emt 0:01:30]} Qh4+ {[%emt 0:03:00]} 8. g3 {[%emt 0:00:30]} Qe7 {[%emt 0:00:00]} 9. Nf3 {[%emt 0:00:30]} Bg4 {[%emt 0:03:00]} 10. h3 {[%emt 0:05:30]} Bxf3 {[%emt 0:05:30]} 11. Qxf3 {[%emt 0:01:30]} Nd7 {[%emt 0:00:00]} 12. Bc2 {[%emt 0:01:30]} Nxe5 {[%emt 0:00:00]} 13. Qg2 {[%emt 0:03:30]} O-O-O {[%emt 0:09:30]} 14. O-O {[%emt 0:02:30]} Nd3 {[%emt 0:00:30]} 15. Be3 {[%emt 0:08:30]} Be5 {[%emt 0:03:30]} 16. Bxa7 {[%emt 0:05:30]} Nf6 {[%emt 0:08:30]} 17. Bb3 {[%emt 0:13:30]} Nc5 {[%emt 0:08:30]} 18. Nd2 {[%emt 0:04:30]} Rd3 {[%emt 0:03:30]} 19. Rf3 {[%emt 0:01:30]} Rhd8 {[%emt 0:01:30]} 20. Nc4 {[%emt 0:04:30]} Rxf3 {[%emt 0:05:30]} 21. Qxf3 {[%emt 0:00:30]} Rd3 {[%emt 0:05:30]} 22. Nb6+ {[%emt 0:04:30]} Kd8 {[%emt 0:02:30]} 23. Rd1 {[%emt 0:00:00]} Bd4+ {[%emt 0:00:00]} 24. Kg2 {[%emt 0:04:00]} Rxf3 {[%emt 0:00:00]} 25. Rxd4+ {[%emt 0:00:30]} Ke8 {[%emt 0:00:30]} 26. Kxf3 {[%emt 0:00:30]} Nfxe4 {[%emt 0:00:30]} 27. Nd7 {[%emt 0:10:30]} Ng5+ {[%emt 0:00:30]} 28. Kf2 {[%emt 0:01:30]} Nxd7 {[%emt 0:00:30]} 0-1